|
|
|
|
| LEADER |
00917nam a22002651 4500 |
| 001 |
767 |
| 003 |
BD-DhAAL |
| 005 |
20151014091326.0 |
| 008 |
151014s1970 nyua b 000 0 eng d |
| 020 |
|
|
|a 0866190023
|
| 040 |
|
|
|a SFR
|c SFR
|d OCL
|d ZCU
|d BD-DhAAL
|
| 082 |
|
|
|a 600
|
| 110 |
2 |
|
|a Volunteers for International Technical Assistance.
|9 15432
|
| 245 |
1 |
0 |
|a Village technology handbook.
|
| 250 |
|
|
|a [2d ed. rev.]
|
| 260 |
|
|
|a Schenectady, N.Y.,
|b College Campus,
|c 1970.
|
| 300 |
|
|
|a 387 p.
|b illus.
|c 28 cm.
|
| 500 |
|
|
|a 1970 ed. integrates v. 1 and 2, 1963, 1964 into 1 v.
|
| 504 |
|
|
|a Includes bibliographical references.
|
| 541 |
|
|
|e 387
|
| 650 |
|
0 |
|a Technological innovations.
|9 15433
|
| 650 |
|
0 |
|a Rural development.
|9 15434
|
| 942 |
|
|
|2 ddc
|c BK
|
| 999 |
|
|
|c 35791
|d 35791
|
| 952 |
|
|
|0 0
|1 0
|2 ddc
|4 0
|6 600_000000000000000_VIL
|7 0
|9 56296
|a SCL
|b SCL
|c GEN
|d 2015-10-14
|l 0
|o 600 VIL
|p 3020000767
|r 2015-10-14
|t 1
|w 2015-10-14
|y BK
|